00592nam a2200169 a 450000100100000000500170001000800410002704000250006808200150009310000290010824500720013726000510020930000230026004900090028395201130029299900170040500003073420200930062458.0110526s1972 dr 000 0 spa d aDO-SdBNPbspacBNPHU axxxbS684m1 aSolano, Alejandro95691310aMientras la tarde incendia las nubes de verano /cAlejandro Solano. aSanto Domingo :bImpresora Arte y Cine,c1972. a110 p. : ;c22 cm. aBNPD 0010718PDaPDbPDcCTd2011-05-26iLF1l0oxxx S684mp30734-10r2020-06-25w2020-06-25yLFPDZNo se presta c30226d30226